Arrêts de bus de Nantes - Ligne C20 - Statistiques

Statistiques générales
  • Ce quiz a été pris 3 fois
  • Le résultat moyen est 26 sur 37
Statistiques - réponses
Commune Arrêts Correspondances % Correct
Nantes Bas-Chantenay C1, 10, 81, N2
100%
Nantes Belloc 40
100%
Nantes, St-Herblain Bernanos 40
100%
Nantes Bois Hardy 81
100%
Nantes Bougainville 81
100%
Nantes Carrière Misery 81
100%
Nantes École Centrale - Audencia 2, 66, 75, 80, E5
100%
Nantes Fac de Lettres 80, E5, N3
100%
Nantes Fardière 81, E1
100%
Nantes Gare de Chantenay C1, 10, 81, E1
100%
Nantes Gare Maritime 1, 81, E1, N1
100%
Nantes Hippodrome 26
100%
Nantes Janvraie
100%
Nantes, St-Herblain Mendès France - Bellevue 1, 23, 40, 59, 81, 91
100%
Nantes Petit Port 2, 26
100%
Nantes, Orvault Pont du Cens C2, 59
100%
Nantes, St-Herblain Romanet 1
100%
Nantes Salorges 81
100%
Nantes, St-Herblain Abel Durand
50%
Nantes, St-Herblain Beauséjour 3, 12, 59, 79, 89
50%
Nantes, Orvault Bout des Pavés C2, 59, 86, 96
50%
Nantes, St-Herblain Branchoire 23
50%
Nantes Champ de Courses 26
50%
Nantes, St-Herblain Châtaigniers C3
50%
Nantes Cimetière Gaudinière 59
50%
Saint-Herblain Courteline
50%
Nantes, St-Herblain Dervallières C6
50%
Saint-Herblain Eglantine
50%
Nantes, St-Herblain Grand Carcouët C8
50%
Nantes Grootaers 12, 59
50%
Nantes, St-Herblain Le Nain C6
50%
Nantes, St-Herblain Tertre 1, 11
50%
Nantes Tribunes 26
50%
Nantes, Orvault Vallée C2, 59
50%
Nantes Chauvinière
0%
Nantes, St-Herblain Colonac
0%
Orvault Patouillerie 59
0%
Aucun quiz correspondant
Distribution des résultats
% des personnes avec chaque résultat
Percentile par nombre de réponses
Votre historique - résultats
Vous n’avez pas pris ce quiz